000 01041nam a2200277 a 4500
003 BLK
005 20250705114159.0
007 ta
008 221104b bu |||||r|||| 00| | bu d
020 _a9786191646340
040 _aBLK
041 _aBUL
_cBUL
080 _9233261
_aКанадска литература на френски език
_b821.133.1(71)
_x-9
_z821.133.1(71)-9
084 _aР 48
100 _9495442
_aРейно, Елизабет
245 _aСелин Дион
_bСилата на любовта
_cЕлизабет Рейно ; прев. от фр. Силвия Колева
260 _9215899
_aСофия
_bEnthusiast
_c2024
300 _a336 с.
_c23 см
380 _aX
500 _aОриг. загл.: Celine Dion : Le pouvoir de l'amour / Elisabeth Reynaud
700 _9283986
_aКолева, Силвия Николай
_eпрев. от фр.
852 _a821-9/Р 48 Е
_bП
856 _i0.00
_ldisable
942 _cKNG
_n0
_06
944 _cКети Илиева
_k30530
_lМинев Младен
999 _c519526
_d519526